| 000 | 00422 a2200157 4500 | ||
|---|---|---|---|
| 005 | 20250626165636.0 | ||
| 020 | _a978-0-471-78276-6 | ||
| 082 | _a338.4'791 BAR, | ||
| 100 | _aBARROWS, C.W. | ||
| 245 | _aIntroduction To the Hospitality Industry, | ||
| 250 | _a7th Ed. | ||
| 260 |
_aNew York, _bJohn Wiley & Sons, _c2009. |
||
| 300 |
_axiv,; 539p:ill,; picture, _bIndex, _c23cm. |
||
| 700 | _aPOWERS, T. | ||
| 942 |
_2ddc _cBKS |
||
| 999 |
_c5456 _d5456 |
||